Національні гімни англомовних країн як складова формування національного менталітету (Запис № 285723)

МАРК-запис
000 -LEADER
fixed length control field 02171nam a22001577a 4500
041 ## - LANGUAGE CODE
Language code of text/sound track or separate title ukr
080 ## - UNIVERSAL DECIMAL CLASSIFICATION NUMBER
Universal Decimal Classification number 09
090 ## - LOCALLY ASSIGNED LC-TYPE CALL NUMBER (OCLC); LOCAL CALL NUMBER (OCLC)
Local cutter number (OCLC) ; Book number/undivided call number, CALL (RLIN) ЯЩУ
100 ## - MAIN ENTRY--PERSONAL NAME
Personal name Ящук, О. А.
245 ## - TITLE STATEMENT
Title Національні гімни англомовних країн як складова формування національного менталітету
260 ## - PUBLICATION, DISTRIBUTION, ETC. (IMPRINT)
Place of publication, distribution, etc Острог
Name of publisher, distributor, etc КАФ
Date of publication, distribution, etc 2016
300 ## - PHYSICAL DESCRIPTION
Extent 67
520 ## - SUMMARY, ETC.
Summary, etc Вступ.<br/>Розділ І. Національний менталітет і ментальність.<br/>1.1. Підходи до визначення поняття "менталітет"<br/>1.2. Аналіз функції національного менталітету<br/>1.3. Соціально-психологічний аналіз структури національного менталітету<br/>1.4. Специфіка прояву структурних елементів національного менталітету через ціннісні орієнтації<br/>Висновки до Розділу І.<br/>Розділ ІІ. Самовизначення нації за допомогою гімну, націоналізм, символізм, інші засоби впливу.<br/>2.1. Пропагування патріотизму та націоналізму через національний гімн<br/>2.2. Символи у національних гімнах<br/>Висновки до Розділу ІІ.<br/>Розділ ІІІ. Аналіз текстів національних гімнів англомовних країн як складової формування формування національного менталітету: США, Великобританія, Канада, Австралія.<br/>1.1. США, "The Star-Spangled Banner"<br/>1.2. Великобританія, "God Save the Queen"<br/>1.3. Канада, "O Canada"<br/>1.4. Австралія, "Advanced Australia Fair"<br/>Висновки до Розділу ІІІ.<br/>Висновки.<br/>Список використаних джерел.
-- нацыя, гімн, США, Великобританія, Австралія
650 ## - SUBJECT ADDED ENTRY--TOPICAL TERM
Topical term or geographic name as entry element Research Papers
942 ## - ADDED ENTRY ELEMENTS (KOHA)
Koha item type Книги
Фонди
Withdrawn status Lost status Source of classification or shelving scheme Damaged status Not for loan Home library Current library Date acquired Source of acquisition Cost, normal purchase price Total Checkouts Full call number Barcode Date last seen Price effective from Koha item type
    Universal Decimal Classification     ВІЛ - Відділ іноземн. літератури НБ ВІЛ - Відділ іноземн. літератури НБ 23/06/2016 Акт №01/16 1.00   09 215705 10/11/2021 23/06/2016 Книги